Contours of death and disease in early modern England (Record no. 622314)

MARC details
000 -LEADER
fixed length control field 00846nam a2200265Ia 4500
003 - CONTROL NUMBER IDENTIFIER
control field OSt
005 - DATE AND TIME OF LATEST TRANSACTION
control field 20220926012256.0
008 - FIXED-LENGTH DATA ELEMENTS--GENERAL INFORMATION
fixed length control field 220923b |||||||| |||| 00| 0 eng d
020 ## - INTERNATIONAL STANDARD BOOK NUMBER
International Standard Book Number 0521404649
037 ## - SOURCE OF ACQUISITION
Terms of availability General Book
040 ## - CATALOGING SOURCE
Original cataloging agency RTL
Transcribing agency RTL
Language of cataloging eng
041 ## - LANGUAGE CODE
Source of code eng
Language code of text/sound track or separate title eng
100 ## - MAIN ENTRY--PERSONAL NAME
Personal name Dobson Mary J
9 (RLIN) 315974
245 #0 - TITLE STATEMENT
Title Contours of death and disease in early modern England
260 ## - PUBLICATION, DISTRIBUTION, ETC.
Place of publication, distribution, etc. New York
Name of publisher, distributor, etc. Cambridge University Press
Date of publication, distribution, etc. 1997
300 ## - PHYSICAL DESCRIPTION
Extent xix,647p
Dimensions cm.
490 ## - SERIES STATEMENT
Series statement Cambridge Studies in Population, Economy and Society in Past Time,29
500 ## - GENERAL NOTE
General note Bibliography: p 540-621
650 ## - SUBJECT ADDED ENTRY--TOPICAL TERM
Topical term or geographic name entry element Medical Sociology Vital Statistics
9 (RLIN) 315975
942 ## - ADDED ENTRY ELEMENTS (KOHA)
Classification part Y9(L:5191).3.M, N7
Koha item type General Books
Source of classification or shelving scheme Colon Classification (CC)
Holdings
Withdrawn status Lost status Damaged status Not for loan Home library Current library Date acquired Total Checkouts Full call number Barcode Date last seen Price effective from Koha item type
        Ratan Tata Library Ratan Tata Library 2022-09-26   Y9(L:5191).3.M N7 RT1136163 2022-09-26 2022-09-26 General Books
Copyright @ Delhi University Library System